| 000 | 00866cac a22002291u 4500 | ||
|---|---|---|---|
| 090 | _c4505 | ||
| 008 | 081112t1995 xxu||||| |||| 00| 0 eng d | ||
| 010 | _a94072187 | ||
| 020 | _a0697264599 | ||
| 020 | _a0697150623 (paper) | ||
| 082 | 0 | 0 |
_a150 _bS4379 |
| 100 | _aSdorow, Lester. | ||
| 245 | 1 | 0 |
_aPsychology / _cLester M. Sdorow. |
| 250 | _a3rd ed. | ||
| 260 |
_aMadison, Wis. : _bBrown & Benchmark, _cc1995. |
||
| 300 |
_a1 v. (various pagings) : _bill. (some col.) ; _c29 cm. |
||
| 504 | _aIncludes bibliographical references and indexes. | ||
| 650 | 0 |
_aPsychology _vTextbooks. |
|
| 942 |
_cBB _k150S4379 _2ddc |
||
| 999 |
_c4505 _d4505 |
||